000 00466nam a2200145 a 4500
001 000033811
005 20240305085225.0
008 110912s1939 dr 000 0 spa d
040 _aDO-SdBNP
_bspa
_cBNPHU
082 _axxx
_bB253p
100 1 _aBarinas Coiscou, Sócrates,
_d1916-2021
_924379
245 1 0 _aPatria, raza y corazón :
_b(poemas) /
_cSócrates Barinas.
260 _aCiudad Trujillo, República Dominicana :
_bMontalvo,
_c1939.
300 _a93 p. ;
_c20 cm.
999 _c33302
_d33302